|
|
|
|
| LEADER |
01932nam a2200325 a 4500 |
| 001 |
0008286 |
| 003 |
BD-DhAAL |
| 008 |
091109s1999 bg b 001 0 eng d |
| 010 |
|
|
|a \\\99945409
|
| 020 |
|
|
|a 984051492X
|
| 040 |
|
|
|a DLC
|c DLC
|d BD-DhAAL
|
| 082 |
0 |
0 |
|a 330.157
|2 21
|
| 100 |
1 |
|
|a Stiglitz, Joseph E.
|9 37325
|
| 245 |
1 |
0 |
|a State versus market :
|b have Asian currency crises affected the reform debate? /
|c Joseph Stiglitz.
|
| 260 |
|
|
|a Dhaka :
|b Published for Bangladesh Economic Association [by] University Press,
|c 1999.
|
| 300 |
|
|
|a x, 55 pages ;
|c 22 cm.
|
| 504 |
|
|
|a Includes bibliographical references (pages [51]-52) and index.
|
| 520 |
|
|
|a Transcript of a lecture organized by Bangladesh Economic Association in Dhaka on March 14, 1999.
|
| 526 |
|
|
|a ESS
|
| 541 |
1 |
|
|a The University Press Limited, Complimentary copy from Professor Dr. Nasreen Khundker.
Donated by Akbar Ali Khan
|e 0008286, 17026, 36629, 38294
|
| 650 |
|
0 |
|a Economic policy.
|9 37326
|
| 651 |
|
0 |
|a Asia
|x Economic policy.
|9 37327
|
| 710 |
2 |
|
|a Bangladesh Economic Association.
|9 37328
|
| 852 |
4 |
|
|a Ayesha Abed Library
|c General Stacks
|
| 942 |
|
|
|2 ddc
|c BK
|
| 999 |
|
|
|c 5314
|d 5314
|
| 952 |
|
|
|0 0
|1 0
|2 ddc
|4 0
|6 330_157000000000000_STI
|7 0
|9 5165
|a BRACUL
|b BRACUL
|c GEN
|d 2009-11-09
|g 100.00
|l 1
|m 10
|o 330.157 STI
|p 3010008286
|r 2015-02-06
|s 2014-09-25
|t 1
|w 2009-11-09
|y BK
|
| 952 |
|
|
|0 0
|1 0
|2 ddc
|4 0
|6 330_157000000000000_STI
|7 0
|9 67187
|a BRACUL
|b BRACUL
|c GEN
|d 2019-11-19
|e Complimentary copy from Professor Dr. Nasreen Khundker.
|l 1
|o 330.157 STI
|p 3010036629
|r 2025-06-25
|s 2025-06-23
|t 3
|w 2019-11-19
|y BK
|
| 952 |
|
|
|0 0
|1 0
|2 ddc
|4 0
|6 330_157000000000000_STI
|7 1
|9 70351
|a BRACUL
|b BRACUL
|c AAKC
|d 2022-04-04
|e Donated by Akbar Ali Khan
|l 0
|o 330.157 STI
|p 3010038294
|r 2022-04-04
|t 4
|w 2022-04-04
|y BK
|
| 952 |
|
|
|0 0
|1 0
|2 ddc
|4 0
|6 330_157000000000000_STI
|7 0
|9 75601
|a BRACUL
|b BRACUL
|c GEN
|d 2024-06-04
|e The University Press Limited
|g 100.00
|l 0
|o 330.157 STI
|p 3010017026
|r 2024-06-04
|t 2
|w 2024-06-04
|y BK
|